Normal view
MARC view
- Business
Entry Topical Term
001 - CONTROL NUMBER
- control field: 2704
003 - CONTROL NUMBER IDENTIFIER
- control field: OSt
005 - DATE AND TIME OF LATEST TRANSACTION
- control field: 20191223105957.0
008 - FIXED-LENGTH DATA ELEMENTS
- fixed length control field: 191223|| aca||aabn | a|a d
040 ## - CATALOGING SOURCE
- Original cataloging agency: OSt
- Transcribing agency: OSt
150 ## - HEADING--TOPICAL TERM
- Topical term or geographic name entry element: Business
670 ## - SOURCE DATA FOUND
- Source citation: Work cat.: (OSt)1996: H, Richard Priesmyeh 2703, Strategy : A Business Unite Simulation . Administration Manual, 1992
